000 00471nam a22001937a 4500
003 MPLRDC
005 20220104114407.0
008 210129b ||||| |||| 00| 0 eng d
020 _a957-9140-04-9
082 _a997.4 TCET v.4
100 _a不详
245 _a谜语接力站
_c
250 _a一版一刷
260 _a
_b佑文出版社
_c1994
300 _b
490 _a天才儿童系列. 4
650 _a智力游戏--谜语
942 _cBK
_o997.4 TCET v.4
999 _c7132
_d7122